| 000 | 01906cam a2200313 i 4500 | ||
|---|---|---|---|
| 003 | SA-RiAUC | ||
| 005 | 20250208071430.0 | ||
| 008 | 250201s2007 su g 00110 ara c | ||
| 024 | 0 | _a00000000285064 | |
| 040 |
_aSA-MaUQU _bara _cSA-RiAUC _dKAC _erda |
||
| 082 | 0 | 4 |
_a214.27 _qSA-RiAUC |
| 090 |
_a214.27 _bع ا د |
||
| 100 | 1 |
_aعادل، نور الدين _eمؤلف. |
|
| 245 | 1 | 0 |
_aمجادلة أهل الكتاب في القرآن الكريم والسنة النبوية / _cإعداد الدكتور نور الدين عادل. |
| 250 | _aالطبعة الأولى. | ||
| 264 | 1 |
_aالرياض : _bمكتبة الرشد، _c2007 |
|
| 300 |
_a653 صفحة ؛ _c24 × 17 سم |
||
| 336 |
_aنص _btxt _2rdacontent _3كتاب |
||
| 337 |
_aبدون وسيط _bn _2rdamedia |
||
| 338 |
_aمجلد _bnc _2rdacarrier |
||
| 500 | _aكاشف : صفحة 579-600. | ||
| 504 | _aببليوجرافية : صفحة 610-642. | ||
| 505 | 0 | _aالمحتويات : تمهيد مفاهيم أساسية في البحث-الباب الأول : أطراف المجادلةالفصل الأول : في معرفة من نجادل-الفصل الثاني : معالم في شخصية أطراف المجادلة-الباب الثاني : أسس المجادل مع أهل الكتاب-الفصل الأول : الكلمة السواء-الفصل الثاني : أسئلة وردود-الباب الثالث : أسلوب المجادلة مع أهل الكتاب-مقدمة أسلوب المجادلة بالتي هي أحسن-الفصل الأول : أسلوب المجادلة بالحكمة-الفصل الثاني : المجادلة بالموعظة الحسنة-الفهارس العامة | |
| 650 | 7 |
_aأهل الكتاب في القرآن _2aucsh |
|
| 650 | 7 |
_aأهل الكتاب في الحديث _2aucsh |
|
| 730 | 2 | 2 | _aالقرآن |
| 942 |
_2ddc _cBOOK _n0 |
||
| 949 |
_aSA-JeALM _d250201 _uosman123 _n1 |
||
| 999 |
_c5731 _d5731 |
||